Geography Quiz

Random Geography or State Quiz

75 Biggest One-Word Cities (US) Quiz Stats

 Plays Quiz Updated Jan 22, 2017

Also try: Divided Capitals
Challenge
Share
Tweet
Embed
Score 0/75 Timer 07:00
0 Plays Today
Rank City % Correct
3Chicago
97.2%
9Dallas
94.3%
4Houston
94.1%
44Miami
93.6%
5Philadelphia
92.7%
6Phoenix
91.7%
23Seattle
90.7%
22Boston
90.4%
26Denver
89.6%
24Washington
89.5%
12Indianapolis
88.2%
18Detroit
87.5%
40Atlanta
86.7%
14Austin
86.2%
25Nashville
84.8%
29Portland
84.2%
21Baltimore
82.3%
45Cleveland
81.7%
15Columbus
79.8%
59Pittsburgh
78.9%
20Memphis
78.8%
35Sacramento
77.5%
48Minneapolis
77.5%
11Jacksonville
77.3%
79Orlando
76.2%
43Raleigh
76.1%
53Honolulu
73.9%
17Charlotte
73.8%
62Cincinnati
73.4%
27Louisville
70.2%
28Milwaukee
69.9%
55Tampa
66.2%
32Albuquerque
66%
42Omaha
64.8%
82Madison
64.6%
89Reno
64.6%
70Buffalo
64.2%
46Tulsa
58.5%
Rank City % Correct
33Tucson
58.5%
72Lincoln
57%
47Oakland
55.3%
68Newark
53.9%
64Anchorage
51.2%
63Lexington
50.2%
97Birmingham
48.6%
34Fresno
44.8%
49Wichita
43.8%
66Toledo
42.7%
86Durham
42.3%
50Arlington
40.7%
102Arlington
40.7%
38Mesa
40.4%
98Rochester
37.5%
54Anaheim
37.1%
92Scottsdale
33.7%
100Spokane
33.6%
51Bakersfield
33.4%
56Aurora
32.3%
78Norfolk
31.9%
88Glendale
31.1%
69Greensboro
27.6%
84Lubbock
27.5%
73Henderson
27.2%
61Riverside
24.1%
71Plano
21.6%
65Stockton
20.1%
96Irvine
20.1%
81Laredo
18.1%
94Irving
16.7%
80Chandler
16.4%
91Chesapeake
15%
90Hialeah
14.9%
101Gilbert
13%
87Garland
12%
95Fremont
11.6%

You're not logged in!

Compare scores with friends on all Sporcle quizzes.
OR
Log In

You Might Also Like...

Show Comments

Extras

Top Quizzes Today


Score Distribution

Your Account Isn't Verified!

In order to create a playlist on Sporcle, you need to verify the email address you used during registration. Go to your Sporcle Settings to finish the process.

Report this User

Report this user for behavior that violates our Community Guidelines.

Details: